000 00730cam a22002291i 4500
001 81787
003 BD-RjUL
005 20230828105940.0
008 230828s1954 p b 000 0 urdr
035 _a(BD-RjUL)81787
040 _aDLC
_cWaU
_dDLC
_beng
041 _aurd
082 _223
_a181.0709
_bNAA 1954
100 1 _aندوی, محمد حنیف ;; Nadvī, Muḥammad Ḥanīf.
_98623
245 1 0 _aافكار ابن خلدون ;; Afkār-i Ibn-i K̲h̲aldūn./
_c محمد حنیف ندوی
260 _aLahore :
_bMatbuaat i adara i saqafat,Islamiah ,
_c1954.
300 _a15, 233 p. ;
_c23 cm.
500 _aIn Urdu.
600 0 0 _aIbn Khaldūn,
_d1332-1406.
650 _aIslamic philosophy
942 _2ddc
_cBK
999 _c81787
_d81787